Подробности
| 000 -МАРКЕР |
| контрольное поле |
03514nam0a2200397 4500 |
| 001 - ИДЕНТИФИКАТОР ЗАПИСИ |
| контрольное поле |
RU\NLR\BIBL_A\012802606 |
| 005 - ИДЕНТИФИКАТОР ВЕРСИИ |
| контрольное поле |
20260405092309.0 |
| 010 ## - МЕЖДУНАРОДНЫЙ СТАНДАРТНЫЙ НОМЕР КНИГИ (ISBN) |
| Номер (ISBN) |
978-5-907472-00-6 |
| Тираж |
2000 |
| 021 ## - НОМЕР ГОСУДАРСТВЕННОЙ РЕГИСТРАЦИИ |
| Код страны |
российская федерация |
| Номер |
2022-12036 |
| Номер Листа государственной регистраци |
КН-П-1024 |
| 035 ## - ДРУГИЕ СИСТЕМНЫЕ НОМЕРА |
| Идентификатор записи |
(NLR Aleph) 012802606 |
| 035 ## - ДРУГИЕ СИСТЕМНЫЕ НОМЕРА |
| Идентификатор записи |
(RuMoRGB)010993173 |
| 100 ## - ДАННЫЕ ОБЩЕЙ ОБРАБОТКИ |
| Данные общей обработки |
20220527d2021 u y0rusy50 ca |
| 101 0# - ЯЗЫК РЕСУРСА |
| Язык текста, звукозаписи и т.д. |
русский |
| 102 ## - СТРАНА ПУБЛИКАЦИИ ИЛИ ПРОИЗВОДСТВА |
| Страна публикации |
российская федерация |
| 105 ## - ПОЛЕ КОДИРОВАННЫХ ДАННЫХ: ТЕКСТОВЫЕ МАТЕРИАЛЫ, МОНОГРАФИЧЕСКИЕ |
| Кодированные данные о монографическом текстовом документе |
y a 000zb |
| 181 #0 - ПОЛЕ КОДИРОВАННЫХ ДАННЫХ: ВИД СОДЕРЖАНИЯ |
| Код вида содержания (ISBD) |
i4 |
| Код характеристики содержания (ISBD) |
axxe |
| 182 #0 - ПОЛЕ КОДИРОВАННЫХ ДАННЫХ: ТИП СРЕДСТВА |
| Код типа средства (ISBD) |
n - непосредственное |
| 200 1# - ЗАГЛАВИЕ И СВЕДЕНИЯ ОБ ОТВЕТСТВЕННОСТИ |
| Основное заглавие |
Григорий Зиновьев. Отвергнутый вождь мировой революции |
| Сведения, относящиеся к заглавию |
политическая биография |
| Первые сведения об ответственности |
Жуков Юрий Николаевич |
| 203 ## - ВИД СОДЕРЖАНИЯ И ТИП СРЕДСТВА |
| Вид содержания |
Текст |
| Дополнительные сведения об издании |
визуальный |
| Тип средства |
непосредственный |
| 210 ## - ПУБЛИКАЦИЯ, РАСПРОСТРАНЕНИЕ И ДР. |
| Место издания, распространения и т.д. |
Москва |
| Имя издателя, распространителя и т. д. |
Концептуал |
| Дата издания, распространения и т.д. |
2021 |
| 215 ## - ФИЗИЧЕСКАЯ ХАРАКТЕРИСТИКА |
| Специфическое обозначение материала и объем |
555 с. |
| Размеры |
25 |
| 300 ## - ОБЩИЕ ПРИМЕЧАНИЯ |
| Текст примечания |
На 4-й с. обл. авт.: Ю. Жуков - д-р ист. наук, д. чл. Рус. геогр. о-ва |
| 320 ## - ПРИМЕЧАНИЯ О НАЛИЧИИ В ДОКУМЕНТЕ БИБЛИОГРАФИИ / УКАЗАТЕЛЯ |
| Текст примечания |
Библиогр. в подстроч. примеч. |
| 330 ## - РЕЗЮМЕ ИЛИ РЕФЕРАТ |
| Текст примечания |
Григорий Зиновьев - революционер, советский политический и государственный деятель. После смерти Ленина он был одним из главных претендентов на лидерство в партии и сыграл ключевую роль в возвышении Иосифа Сталина. Однако уже в 1935 году Зиновьева арестовали и вскоре расстреляли. Как вышло, что такого влиятельного человека приговорили к высшей мере наказания? Зиновьев - террорист, готовивший покушение на Сталина, или очередная жертва политических интриг? Разгадать эти тайны удалось доктору исторических наук Юрию Жукову. Перед вами не просто политическая биография, а убедительное историческое расследование с редкими документальными свидетельствами: письмами, выступлениями и воспоминаниями лидеров СССР, а также ранее неизвестными архивными материалами. Книга не просто проливает свет на загадочную личность Зиновьева, но и помогает глубже понять самого Сталина: что заставило его отказаться от идеи мировой революции и на какие жертвы пришлось ради этого пойти |
| 333 ## - ПРИМЕЧАНИЯ ОБ ОСОБЕННОСТЯХ РАСПРОСТРАНЕНИЯ И ИСПОЛЬЗОВАНИЯ |
| Текст примечания |
16+ |
| 600 #1 - ИМЯ ЛИЦА КАК ПРЕДМЕТ |
| Начальный элемент ввода |
Зиновьев |
| Часть имени, кроме начального элемента ввода |
Г.Е. |
| Даты |
1883 - 1936 |
| Расширение инициалов личного имени |
Григорий Евсеевич |
| Формальный подзаголовок |
Биографии |
| Системный номер авторитетной/нормативной записи |
2332677 |
| Идентификатор авторитетной/нормативной записи |
RU\NLR\AUTH\661394817 |
| 675 ## - УНИВЕРСАЛЬНАЯ ДЕСЯТИЧНАЯ КЛАССИФИКАЦИЯ (UDC/УДК) |
| Индекс |
94(47+57)(092)<1917> |
| Издание |
4 |
| 686 1# - ИНДЕКСЫ ДРУГИХ КЛАССИФИКАЦИЙ |
| Индекс |
Т3(2)7-8 |
| 686 1# - ИНДЕКСЫ ДРУГИХ КЛАССИФИКАЦИЙ |
| Индекс |
Ф61(2)8 |
| 700 #1 - ИМЯ ЛИЦА - ПЕРВИЧНАЯ ОТВЕТСТВЕННОСТЬ |
| Материалы, к которым относится поле |
rus |
| Графика поля |
Кириллица |
| Начальный элемент ввода |
Жуков |
| Часть имени, кроме начального элемента ввода |
Ю. Н. |
| Дополнения к именам, кроме дат |
историк |
| Даты |
1938- |
| Расширение инициалов личного имени |
Юрий Николаевич |
| Идентификатор авторитетной/нормативной записи |
RU\NLR\AUTH\7733434 |
| Системный номер авторитетной/нормативной записи |
16442 |
| 702 #1 - ИМЯ ЛИЦА - ВТОРИЧНАЯ ОТВЕТСТВЕННОСТЬ |
| Код отношения |
Объект посвящения |
| Начальный элемент ввода |
Зиновьев |
| Часть имени, кроме начального элемента ввода |
Г. Е. |
| Дополнения к именам, кроме дат |
партийный и государственный деятель |
| Даты |
1883-1936 |
| Расширение инициалов личного имени |
Григорий Евсеевич |
| Системный номер авторитетной/нормативной записи |
141300 |
| Идентификатор авторитетной/нормативной записи |
RU\NLR\AUTH\770141336 |
| 942 ## - ДОПОЛНИТЕЛЬНЫЕ ЭЛЕМЕНТЫ ЗАПИСИ (АБИС) |
| Тип экземпляра АБИС |
Книга |
| 980 ## - КОЛЛЕКЦИЯ |
| Название коллекции |
Национальная библиография |